Personnages de Gravity Falls en images - Statistiques

Statistiques générales
  • Ce quiz a été pris 78 fois
  • Le résultat moyen est 10 sur 16
Statistiques - réponses
Par images Réponse % Correct
Mabel Pines
98%
Dipper Pines
93%
Stanley Pines
93%
Wendy Corduroy
87%
Gideon Gleeful
77%
Mousse
77%
Stanford Pines
77%
Bill Crypto
72%
Pacifica Northwest
66%
Dandinou
64%
Robbie Valentino
57%
Grenda
48%
Candy Liu
44%
Vieux McCroquette
44%
GIFfany
30%
Sheriff Blubs
20%
Aucun quiz correspondant
Distribution des résultats
% des personnes avec chaque résultat
Percentile par nombre de réponses
Votre historique - résultats
Vous n’avez pas pris ce quiz